| 000 | 00522naa a2200193 4500 | ||
|---|---|---|---|
| 001 | 109069 | ||
| 003 | ES-MaBCM | ||
| 005 | 20241016140318.0 | ||
| 008 | 050622s2005 esp|r0p 0 ||spa d | ||
| 021 | _axx | ||
| 035 | _a(OCoLC)1365147480 | ||
| 040 | _cES-MaBCM | ||
| 245 | 0 | 0 | _aDemocracia y sector público |
| 520 | 0 | _aNº monográfico | |
| 650 | 1 | 7 |
_aDemocracia _958263 |
| 650 | 1 | 7 |
_aAdministración pública _957460 |
| 773 | 0 |
_aEn: _t. Sistema _dMadrid _w104699 _gN. 184-185 (en. 2005), p. 1-295 |
|
| 942 | _cAREV | ||
| 999 |
_c109069 _d109069 |
||